NLSUI OPAC header image

The Karnataka registration manual (Record no. 29512)

MARC details
000 -LEADER
fixed length control field 01648nam a2200217Ia 4500
003 - CONTROL NUMBER IDENTIFIER
control field OSt
005 - DATE AND TIME OF LATEST TRANSACTION
control field 20210415124310.0
008 - FIXED-LENGTH DATA ELEMENTS--GENERAL INFORMATION
fixed length control field 160316s2011 xxu||||| |||| 00| 0 eng d
040 ## - CATALOGING SOURCE
Transcribing agency nls
082 ## - DEWEY DECIMAL CLASSIFICATION NUMBER
Classification number 346.0438 PUL
100 ## - MAIN ENTRY--PERSONAL NAME
Personal name Puliani Sathpal
245 ## - TITLE STATEMENT
Title The Karnataka registration manual
250 ## - EDITION STATEMENT
Edition statement 8th
260 ## - PUBLICATION, DISTRIBUTION, ETC.
Place of publication, distribution, etc. Bangalore
Name of publisher, distributor, etc. Karnataka Law Journal Publicaitons
Date of publication, distribution, etc. 2011
300 ## - PHYSICAL DESCRIPTION
Extent 669p
365 ## - TRADE PRICE
Price amount Rs. 660
505 ## - FORMATTED CONTENTS NOTE
Formatted contents note Contents:<br/>Sections:<br/>Part I. Preliminary;<br/>Part II. Of the Registration-Establishment;<br/>Part III. Of Registrable Documents;<br/>Part IV. Of the Time of Presentation;<br/>Part V. Of the Place of Registration;<br/>Part VI. Of Presenting Documents for Registration;<br/>Part VII. Of Enforcing the Appearance of Executants and Witnesses;<br/>Part VIII. Of Presenting Wills and Authorities to Adopt;<br/>Part IX. Of the Deposit of Wills;<br/>Part X. Of the Effects of Registration and Non-Registration;<br/>Part XI. Of the Duties and Powers of Registering Officers: <br/>(A) As to the Register Books and Indexes;<br/>(B) As to the Procedure on Admitting to Registration;<br/>(C) Special duties of Sub-Registrar;<br/>(D) Special Duty of Registrar;<br/>(E) Of the Controlling Powers of Registrars and Inspector-General;<br/>Part XI-A. Registration of documents by means of electronic or other devices;<br/>Part XII. Of Refusal to Register;<br/>Part XIII. Of the Fees for Registration, Searches and Copies;<br/>Part XIII-A. Of deed Writers;<br/>Part XIV. Of Penalties;<br/>Part XV. Miscellaneous;<br/>Exemptions for Act;<br/>The Schedule (Repealed),<br/>Karnataka Amendment Acts.<br/>
650 ## - SUBJECT ADDED ENTRY--TOPICAL TERM
Topical term or geographic name entry element 1. Registration Act - Manual - Karnataka
700 ## - ADDED ENTRY--PERSONAL NAME
Personal name
--
942 ## - ADDED ENTRY ELEMENTS (KOHA)
Source of classification or shelving scheme Dewey Decimal Classification
Koha item type BOOKs
Holdings
Withdrawn status Lost status Damaged status Not for loan Home library Current library Shelving location Date acquired Cost, normal purchase price Total Checkouts Full call number Barcode Date last seen Date last checked out Price effective from Koha item type
        . .   30.05.2017 660.00 1 346.0438 PUL 26787 30.05.2025 30.05.2025 30.05.2017 BOOKs